Statistics for Countries that Start with P - Shape Quiz

Click here to take the quiz!

General Stats

  • This quiz has been taken 16,720 times
  • The average score is 7 of 9

Answer Stats

Answer % Correct
Philippines
95%
Peru
86%
Panama
85%
Papua New Guinea
84%
Portugal
84%
Poland
84%
Pakistan
78%
Palau
73%
Paraguay
65%

Score Distribution

Percentile by Number Answered

Percent of People with Each Score

Your Score History

You have not taken this quiz